000 01245nam a2200313 i 4500
003 EG-GICUC
005 20260416105114.0
008 260219s1969 ua ||||fr|||| 00| 0 ara d
040 _a EG-GICUC
_bara
_c EG-GICUC
_d EG-GICUC
_erda
041 _aara
082 0 4 _221
_a343.3311
_bم ح . ن
092 0 4 _221
099 _aLaw1 10 343.3311 م ح . ن 1969
100 0 _aمحمود نجيب حسنى
_eمؤلف.
245 1 2 _aالنيابة العامة ودورها فى الدعوى الجنائية /
_cللدكتور محمود نجيب حسنى.
264 1 _aمصر :
_bمجلة إدارة قضايا الحكومة،
_c{1969}.
300 _a44 صفحة ;
_c24 سم.
336 _2rda content
_atext
337 _2rda media
_aComputer
338 _2rda carrier
_aOnline Resource
500 _aمستخرج من العدد الأول من السنة الثالثة عشرة.
504 _aيشتمل على إرجاعات ببليوجرافية.
546 _aالنص باللغة العربية
650 1 _aالقانون الجنائي
650 1 _aالنيابة العامة = الإدعاء العام
856 4 0 _uhttps://fll.law.cu.edu.eg/fulltext/bks/B10-06577.pdf
905 _a43
_eYara
942 _2ddc
_n0
_cBK
_e21
999 _c63830
_d63830